000 00574nam a22001697a 4500
008 170816b xxu||||| |||| 00| 0 eng d
020 _a9715501354
082 _21994
_aDFil 305.8009599
_bSc63
100 _922121
_aScott, William H.
245 _aBarangay:
_bsixteenth- century Philippine culture and society/
_cWilliam H. Scott.
260 _aQuezon City:
_bADMU Press,
_cc1994.
300 _avii, 306 pages:
_billustrations;
_c23 cm.
500 _aIncludes bibliography and index.
650 0 _922122
_aEthnology - Philippines.
365 _aPhp.
_b434.50
942 _2ddc
_cDFIL
999 _c7288
_d7288